Essentials of applied econometrics (Registro nro. 310484)

Detalles MARC
000 -ENCABEZADO
Número de control [NR] 00928cam a2200289M 4500
001 - NÚMERO DE CONTROL
control field on1037869352
005 - FECHA Y HORA DE LA ÚLTIMA TRANSACCIÓN
control field 20180927073729.0
006 - DE LONGITUD FIJA DE DATOS ELEMENTOS - CARACTERÍSTICAS ADICIONALES DEL MATERIAL - INFORMACIÓN GENERAL
fixed length control field m d
007 - CAMPO DESCRIPCIÓN FÍSICA FIJA - INFORMACIÓN GENERAL
fixed length control field cr || ||||||||
008 - DE LONGITUD FIJA DE DATOS DE ELEMENTOS - INFORMACIÓN GENERAL
Elementos de longitud fija [NR] 180926s2017 caua r 001 0 eng d
020 ## - NUMERO INTERNACIONAL NORMALIZADO PARA LIBROS [R]
ISBN Cancelado/ Invalidado [R] 9780520963290
020 ## - NUMERO INTERNACIONAL NORMALIZADO PARA LIBROS [R]
ISBN Cancelado/ Invalidado [R] 0520963296
020 ## - NUMERO INTERNACIONAL NORMALIZADO PARA LIBROS [R]
Número Internacional Normalizado del libro [NR] 9780520288331
035 ## - NUMERO DE CONTROL DEL SISTEMA [R]
Número de control del sistema [NR] (OCoLC)1037869352
040 ## - FUENTE DE CATALOGACION [NR]
Agencia de catalogación original [NR] Co-BoUCM
Idioma de catalogación [NR] spa
Quien Cataloga Saul Niño
Quien Clasifica Saul Niño
041 0# - CODIGO DE IDIOMA [R]
Código de idioma para texto/pista de sonido o título separado [R] Inglés
100 1# - ASIENTO PRINCIPAL--NOMBRE PERSONAL [NR]
Nombre personal [NR] Smith, Aaron D.
ID Autoridad 93763
245 10 - MENCION DE TITULO [NR]
Título [NR] Essentials of applied econometrics
Mención de responsabilidad, etc. [NR] Aaron D. Smith, J. Edward Taylor
260 ## - PUBLICACION, DISTRIBUCION, ETC. (PIE DE IMPRENTA) [R]
Lugar de publicación, distribución, etc. [R] Oakland, California
Nombre del editor, distribuidor, etc. [R] University of California Press
Fecha de publicación, distribución, etc. [R] 2017
300 ## - DESCRIPCION FISICA [R]
Extensión [R] xi, 225 páginas
650 #7 - ASIENTO SECUNDARIO DE MATERIA - TERMINO TEMATICO [R]
Término temático o nombre geográfico como elemento de entrada [NR] Econometría
Subdivisión de forma [R] Libros de texto
9 (RLIN) 13653
650 #7 - ASIENTO SECUNDARIO DE MATERIA - TERMINO TEMATICO [R]
Término temático o nombre geográfico como elemento de entrada [NR] Análisis econométrico
9 (RLIN) 8986
650 #7 - ASIENTO SECUNDARIO DE MATERIA - TERMINO TEMATICO [R]
Término temático o nombre geográfico como elemento de entrada [NR] Economía
9 (RLIN) 174
700 1# - ASIENTO SECUNDARIO - NOMBRE PERSONAL [R]
Nombre personal [NR] Taylor, J. Edward
9 (RLIN) 65700
942 ## - ELEMENTOS DE ENTRADA AGREGADOS (KOHA)
Sistema de clasificación DEWEY
Tema principal Economía
Tipo de ítem principal el descrito en 300a Libro
Edición 1
Clasificación 330.015195
Parte restante de la signatura top. S642e
Existencias
Fecha de último préstamo Total préstamos Total Renewals Signatura topográfica Código de barras Última vez visto Ejemplar Costo de reposición Price effective from Tipo de ítem Perdido Sistema de clasificación Dañado No prestable Tipo de ítem específico Suprimido Ubicación habitual Ubicación actual Localización Fecha de creación Proveedor Forma de adquisición Costo
04/02/2019 2 2 330.015195 S642e 100158046 03/12/2025 Ej.2 109946.00 17/09/2018 Libro   DEWEY     Libro   Claustro Claustro Mezanine 17/09/2018 19 Compra 109946.00
      330.015195 S642e 100158045 03/12/2025 Ej.1 109946.00 17/09/2018 Libro   DEWEY     Libro   Claustro Claustro Mezanine 17/09/2018 19 Compra 109946.00